Europeans Green Capitals - Statistics

General Stats
  • This quiz has been taken 18 times
  • The average score is 8 of 17
Answer Stats
Year City % Correct
2010 Stockholm
93%
2019 Oslo
80%
2020 Lisbon
73%
2014 Copenhagen
60%
2016 Ljubljana
60%
2011 Hamburg
53%
2024 Valencia
53%
2023 Tallinn
47%
2025 Vilnius
47%
2013 Nantes
33%
2015 Bristol
27%
2017 Essen
27%
2022 Grenoble
27%
2021 Lahti
27%
2018 Nijmegen
20%
2012 Vitoria
20%
2026 Guimarães
13%
No matching quizzes found
Score Distribution
Percent of People with Each Score
Percentile by Number Answered
Your Score History
You have not taken this quiz